U.S. Geography with Native American Names on a Map - Statistics

General Stats
  • This quiz has been taken 30,769 times
    29,814 since last reset
  • The average score is 49 of 77
Answers on the Map
Answers color-coded by a green-red scale on the quiz's map according to % correct below.
 
Answer Stats
Answer % Correct
States Texas
95%
Rivers Mississippi
94%
States Mississippi
94%
States Alabama
92%
States Alaska
92%
States Arizona
92%
Lakes and Bays Lake Michigan
92%
States Michigan
92%
Rivers Mobile / Alabama / Coosa
92%
States North Dakota
92%
Rivers Ohio
92%
States Ohio
92%
States South Dakota
92%
States Utah
92%
States Kansas
91%
Rivers Missouri
91%
States Missouri
91%
States New Mexico
91%
States Oklahoma
91%
States Wyoming
91%
Rivers Arkansas
90%
States Arkansas
90%
States Illinois
90%
States Kentucky
90%
States Minnesota
90%
Rivers Tennessee
90%
States Tennessee
90%
States Wisconsin
90%
States Iowa
89%
States Nebraska
89%
States Massachusetts
88%
Rivers Connecticut
87%
States Connecticut
87%
States Hawaii
87%
Cities Miami
81%
Cities Seattle
80%
Cities Chicago
78%
Cities Honolulu
77%
Cities Tallahassee
70%
Cities Oklahoma City
67%
Cities Tampa
67%
Cities Minneapolis
65%
Lakes and Bays Lake Erie
64%
Cities Milwaukee
63%
Cities Kansas City
62%
Cities Cheyenne
61%
Lakes and Bays Lake Huron
59%
Lakes and Bays Lake Ontario
56%
Cities Topeka
56%
Mountains Mount Denali
54%
Reservations Navajo Nation
53%
Cities Omaha
51%
Cities Tucson
51%
Cities Tulsa
48%
Cities Chesapeake
45%
Lakes and Bays Chesapeake Bay
45%
Cities Mobile
45%
Cities Wichita
43%
Reservations Cherokee Nation
42%
Rivers Potomac
39%
Cities Spokane
39%
Cities Tacoma
38%
Cities Chattanooga
34%
Rivers Yukon
34%
Mountains Mauna Kea
33%
Reservations Choctaw Nation
20%
Reservations Muscogee Nation
18%
Rivers Savannah
17%
Rivers Susquehanna
15%
Reservations Chickasaw Nation
14%
Rivers Chattahoochee
13%
Rivers Gila
12%
Reservations Osage Reservation
12%
Rivers Wabash
12%
Rivers Pecos
11%
Rivers Willamette
10%
Rivers Klamath
7%
No matching quizzes found
Score Distribution
Percent of People with Each Score
Percentile by Number Answered
Your Score History
You have not taken this quiz since the last reset